[Event "ASEAN-ch U20 14th"]
[Site "Chiangmai"]
[Date "2013.06.12"]
[Round "8"]
[White "Mohamad, Satibi"]
[Black "Pascua, Haridas"]
[Result "1/2-1/2"]
[WhiteElo "2186"]
[BlackElo "2386"]
[PlyCount "60"]
[EventDate "2013.06.08"]
[EventType "swiss"]
[EventRounds "9"]
[EventCountry "THA"]
[SourceTitle "EXT 2014"]
[Source "ChessBase"]
[SourceDate "2013.11.20"]
[SourceVersion "1"]
[SourceVersionDate "2013.11.20"]
[SourceQuality "1"]

1. e4 c5 2. Nf3 Nc6 3. d4 cxd4 4. Nxd4 Nf6 5. Nc3 e5 6. Ndb5 d6 7. Bg5 a6 8. Na3 b5 9. Nd5 Be7 10. Bxf6 Bxf6 11. c3 Ne7 12. Nxf6+ gxf6 13. Bd3 Bb7 14. Nc2 d5 15. exd5 Qxd5 16. Ne3 Qe6 17. Bc2 f5 18. Qh5 f4 19. Nf5 0-0-0 20. Nxe7+ Qxe7 21. Qf5+ Kb8 22. Be4 Rhg8 23. Rd1 Rxd1+ 24. Kxd1 Bxe4 25. Qxe4 Qe6 26. Re1 f6 27. Kc2 Qb6 28. Qf3 Rd8 29. g3 fxg3 30. hxg3 Qd6 1/2-1/2

[Event "ASEAN-ch U20 14th"]
[Site "Chiangmai"]
[Date "2013.06.11"]
[Round "6"]
[White "Nguyen, Van Hai"]
[Black "Mohamad, Satibi"]
[Result "1-0"]
[WhiteElo "2353"]
[BlackElo "2186"]
[PlyCount "91"]
[EventDate "2013.06.08"]
[EventType "swiss"]
[EventRounds "9"]
[EventCountry "THA"]
[SourceTitle "EXT 2014"]
[Source "ChessBase"]
[SourceDate "2013.11.20"]
[SourceVersion "1"]
[SourceVersionDate "2013.11.20"]
[SourceQuality "1"]

1. d4 Nf6 2. Bg5 Ne4 3. Bf4 d5 4. e3 e6 5. Bd3 f5 6. Bxe4 dxe4 7. Ne2 Nd7 8. Nbc3 a6 9. g4 Nf6 10. gxf5 exf5 11. Rg1 Be6 12. Be5 Qd7 13. Nf4 Bf7 14. Bxf6 gxf6 15. a3 0-0-0 16. Qd2 Bh6 17. Nce2 Rhg8 18. 0-0-0 Rg4 19. Rg3 Kb8 20. Rh3 Bg7 21. Rxh7 Bg8 22. Rh3 Bf8 23. Rg3 Qf7 24. Qc3 Rd6 25. d5 Qd7 26. h3 Rxg3 27. Nxg3 c6 28. Ng6 Bg7 29. Nh5 cxd5 30. Nxg7 Qxg7 31. Nf4 Rc6 32. Qd2 d4 33. Qxd4 Bb3 34. Qd8+ Rc8 35. Qd6+ Ka8 36. Ne6 Rxc2+ 37. Kb1 Qg8 38. Qb6 Rxb2+ 39. Kxb2 Bxd1 40. Nc7+ Kb8 41. Nxa6+ Ka8 42. Nc7+ Kb8 43. Na6+ Ka8 44. Nc5 Qd5 45. Qa5+ Kb8 46. Na6+ 1-0